[Event "Olimpiada Calviá 2004"]
[Site "Calviá ESP"]
[Date "2004.10.25"]
[Round "10.4"]
[White "Akopian, Vladimir"]
[Black "Beliavsky, Alexander G"]
[Result "1-0"]
[WhiteElo "2692"]
[BlackElo "2660"]
[PlyCount "129"]
[EventDate "2004.10.15"]
[EventType "team"]
[EventRounds "14"]
[EventCountry "ESP"]
[Source "lmi"]
[SourceDate "2004.10.27"]

1. e4 e5 2. Nf3 Nc6 3. Bb5 a6 4. Ba4 Nf6 5. O-O Be7 6. Re1 b5 7. Bb3 O-O 8. h3
Bb7 9. d3 d6 10. a3 Na5 11. Ba2 c5 12. Nbd2 Bc8 13. c3 Be6 14. Bxe6 fxe6 15. b4
Nc6 16. Qb3 Qc8 17. bxc5 dxc5 18. a4 Rb8 19. axb5 axb5 20. c4 b4 21. Bb2 Bd6
22. Ra4 Nh5 23. g3 Nf6 24. Rea1 Nd7 25. Ra6 Rb7 26. Kg2 Ndb8 27. R6a2 Qd8 28.
Rf1 Rd7 29. Qc2 Bc7 30. Ne1 h5 31. Nb3 Bd6 32. Qd1 Qe8 33. Nf3 Qg6 34. h4 Rc7
35. Bc1 Nd7 36. Be3 Nd4 37. Bxd4 exd4 38. Ra6 Be7 39. Qe2 Qg4 40. Re1 Nb8 41.
Ra8 Nd7 42. Ra6 Nb8 43. Ra2 Nd7 44. e5 Rf5 45. Ra8+ Rf8 46. Ra6 Nb8 47. Ra2 Nd7
48. Qe4 Qxe4 49. Rxe4 Rf5 50. Ra6 Kf7 51. Re2 Rc8 52. Ra7 Ke8 53. Re1 Bd8 54.
Ra6 Kf7 55. Nbd2 Be7 56. Ne4 Nxe5 57. Neg5+ Bxg5 58. Nxe5+ Rxe5 59. Rxe5 Bc1
60. Re1 Bd2 61. Rexe6 b3 62. Reb6 Bb4 63. Ra4 Ra8 64. Rxa8 b2 65. Ra7+ 1-0

[Event "Olimpiada Calviá 2004"]
[Site "Calviá ESP"]
[Date "2004.10.25"]
[Round "10.4"]
[White "Mihalcisin, Adrian"]
[Black "Aronian, Levon"]
[Result "0-1"]
[WhiteElo "2512"]
[BlackElo "2675"]
[PlyCount "130"]
[EventDate "2004.10.15"]
[EventType "team"]
[EventRounds "14"]
[EventCountry "ESP"]
[Source "lmi"]
[SourceDate "2004.10.27"]

1. Nf3 Nf6 2. c4 e6 3. d4 d5 4. Nc3 Bb4 5. cxd5 exd5 6. Bg5 Nbd7 7. Qc2 c5 8.
dxc5 h6 9. Bd2 Bxc5 10. e3 O-O 11. Bd3 a6 12. O-O Bd6 13. Rfd1 Nc5 14. Bf5 Be6
15. Be1 Rc8 16. Nd4 Qd7 17. Rac1 Be5 18. Nxe6 fxe6 19. Bh3 Qf7 20. Nxd5 Nxd5
21. Rxd5 exd5 22. Bxc8 Rxc8 23. b4 b6 24. Qe2 Qb7 25. bxc5 bxc5 26. g3 Kh8 27.
Qc2 c4 28. Bc3 Bxc3 29. Qxc3 Rc6 30. Qd4 Rb6 31. Kg2 Rb5 32. Rc2 Rb4 33. Kh3 c3
34. Qe5 Rc4 35. Qe6 Rc8 36. Qf5 Qa8 37. Qd3 Rc4 38. Qf5 Rc8 39. Qd7 a5 40. a3
a4 41. Qe6 Qb7 42. Qf5 Qc6 43. g4 Rb8 44. Kg3 Rb3 45. Qf8+ Kh7 46. Qf5+ Kg8 47.
f4 Rxa3 48. Qe5 Rb3 49. h4 a3 50. h5 d4 51. Qxd4 Rb2 52. Qd3 Rxc2 53. Qxc2 Qc4
54. Qg6 a2 55. Qe8+ Kh7 56. g5 Qg8 57. Qa4 Kh8 58. gxh6 c2 59. Qa3 Kh7 60. Qc3
g6 61. Kf2 Kxh6 62. hxg6 Qg7 63. Qc5 Qf6 64. g7 Kxg7 65. Qc7+ Kh6 0-1

[Event "Olimpiada Calviá 2004"]
[Site "Calviá ESP"]
[Date "2004.10.25"]
[Round "10.8"]
[White "Socko, Bartosz"]
[Black "Komliakov, Viktor"]
[Result "1-0"]
[WhiteElo "2570"]
[BlackElo "2434"]
[PlyCount "139"]
[EventDate "2004.10.15"]
[EventType "team"]
[EventRounds "14"]
[EventCountry "ESP"]
[Source "lmi"]
[SourceDate "2004.10.27"]

1. e4 g6 2. d4 Bg7 3. Nc3 c6 4. f4 d5 5. e5 h5 6. Be3 Nh6 7. Nf3 a5 8. Bf2 a4
9. a3 Qb6 10. Qc1 Bg4 11. Nh4 e6 12. h3 Bf5 13. Be2 Bf8 14. g3 c5 15. Bb5+ Nc6
16. Qd2 O-O-O 17. dxc5 Bxc5 18. Bxc5 Qxc5 19. Bxa4 Bxh3 20. Bxc6 bxc6 21. b4
Qa7 22. b5 Bg4 23. bxc6 Qc5 24. Rb1 Qxc6 25. Nb5 Kd7 26. Nd4 Qa6 27. Qd3 Qa5+
28. Kf2 Rb8 29. Rb5 Rxb5 30. Qxb5+ Qxb5 31. Nxb5 Rc8 32. c3 Ra8 33. Ra1 Ra4 34.
Rb1 Bf5 35. Rb4 Ra5 36. Ke3 Bh3 37. a4 Bg4 38. Kd2 Ra8 39. Nd4 Ra7 40. Nb3 Bh3
41. Nd4 Bf1 42. Nhf3 Bc4 43. Ng5 Bf1 44. Nh7 Ng4 45. Ng5 Nh6 46. Kc2 Bc4 47.
Kb2 Ba6 48. Rb6 Kc7 49. Rc6+ Kb7 50. Rd6 Kc7 51. Ka3 Bc4 52. Kb4 Ra6 53. Rxa6
Bxa6 54. Kc5 Bc4 55. a5 Bd3 56. Nb5+ Bxb5 57. Kxb5 Kb7 58. a6+ Ka7 59. Ka5 Nf5
60. Nxf7 d4 61. cxd4 Nxd4 62. Nd8 Nb3+ 63. Kb5 Nd4+ 64. Kc5 Nf5 65. Nxe6 Nxg3
66. Ng5 Kxa6 67. e6 Nf5 68. Kc6 h4 69. Kd7 Kb5 70. e7 1-0

[Event "Olimpiada Calviá 2004"]
[Site "Calviá ESP"]
[Date "2004.10.25"]
[Round "10.9"]
[White "Jobava, Baadur"]
[Black "Gyimesi, Zoltan"]
[Result "1-0"]
[WhiteElo "2614"]
[BlackElo "2613"]
[PlyCount "119"]
[EventDate "2004.10.15"]
[EventType "team"]
[EventRounds "14"]
[EventCountry "ESP"]
[Source "lmi"]
[SourceDate "2004.10.27"]

1. c4 Nf6 2. Nc3 e5 3. Nf3 Nc6 4. g3 Bb4 5. Nd5 Bc5 6. Bg2 O-O 7. O-O d6 8. d3
h6 9. e3 a6 10. a3 Ba7 11. Nc3 Bf5 12. b4 Qd7 13. Re1 Bh3 14. Bh1 Rae8 15. Ra2
Ng4 16. Qb3 Kh8 17. a4 Ne7 18. a5 c6 19. b5 axb5 20. cxb5 Nf6 21. Nd2 Be6 22.
Nc4 Nfd5 23. b6 Bb8 24. Ra1 f5 25. Ba3 f4 26. exf4 Nxf4 27. gxf4 Bh3 28. f3
exf4 29. Ra2 Nf5 30. Qd1 Qd8 31. Bg2 Bxg2 32. Rxg2 Nh4 33. Rf2 Rxe1+ 34. Qxe1
Re8 35. Qf1 d5 36. Nd2 Qf6 37. Nd1 Re5 38. Bb2 Qg6+ 39. Kh1 Rh5 40. Qe1 Kh7 41.
Re2 Bd6 42. a6 bxa6 43. b7 Rg5 44. Ba3 c5 45. Nf2 Ng2 46. Qb1 Ne3 47. Bxc5 Bb8
48. d4 Rf5 49. Ng4 Nxg4 50. fxg4 Qxg4 51. Re5 Kg6 52. Bd6 Bxd6 53. Re6+ Kh5 54.
Rxd6 Rf8 55. Rxd5+ g5 56. Rd6 Qe2 57. Qg6+ Kg4 58. Qe6+ Qxe6 59. Rxe6 Rb8 60.
Re7 1-0

[Event "Olimpiada Calviá 2004"]
[Site "Calviá ESP"]
[Date "2004.10.25"]
[Round "10.9"]
[White "Varga, Zoltan"]
[Black "Gagunashvili, Merab"]
[Result "1-0"]
[WhiteElo "2538"]
[BlackElo "2567"]
[PlyCount "169"]
[EventDate "2004.10.15"]
[EventType "team"]
[EventRounds "14"]
[EventCountry "ESP"]
[Source "lmi"]
[SourceDate "2004.10.27"]

1. e4 c5 2. Nf3 Nc6 3. d4 cxd4 4. Nxd4 Nf6 5. Nc3 e5 6. Ndb5 d6 7. Bg5 a6 8.
Na3 b5 9. Bxf6 gxf6 10. Nd5 f5 11. Bd3 Be6 12. O-O Bxd5 13. exd5 Ne7 14. c3 Bg7
15. Qh5 e4 16. Bc2 O-O 17. Rad1 Qc8 18. Bb3 a5 19. Nxb5 a4 20. Bc2 Qc5 21. Nd4
Qxd5 22. g4 Qe5 23. Nxf5 Nxf5 24. Qxf5 Qxf5 25. gxf5 a3 26. bxa3 Rxa3 27. Bb3
Ra5 28. Rxd6 Rxf5 29. Re1 Re8 30. Re3 Kh8 31. Kf1 Bf8 32. Rd5 Rf4 33. Ke2 Rc8
34. Rg3 Bc5 35. Rg2 Bb6 36. Rb5 Rf6 37. Re5 Rg8 38. Rxg8+ Kxg8 39. Rxe4 Rxf2+
40. Kd3 Rxh2 41. Bd5 Kg7 42. Re7 Rf2 43. Rb7 Bc5 44. a4 Rf6 45. Kc4 Be3 46. a5
h5 47. Re7 Bg1 48. Kb5 Rf1 49. a6 Rb1+ 50. Kc4 Ra1 51. Rxf7+ Kg6 52. Rf8 Be3
53. Re8 Ba7 54. Bb7 h4 55. Re7 Bf2 56. Re2 Ba7 57. Bc8 Kg5 58. Rg2+ Kf4 59. Kb5
Rb1+ 60. Kc4 Ra1 61. Rg6 Be3 62. Kd3 Rd1+ 63. Kc2 Rd8 64. Rg4+ Kf3 65. Rc4 Kg3
66. Bf5 Rd6 67. Rg4+ Kf2 68. Ra4 Ba7 69. Bc8 Rc6 70. Bb7 Rh6 71. Rf4+ Ke3 72.
Rf3+ Ke2 73. Rf7 h3 74. Bd5 Bc5 75. a7 Bxa7 76. Rxa7 h2 77. Ra1 Rh5 78. c4 Ke3
79. Kc3 Rg5 80. Re1+ Kf2 81. Rh1 Kg3 82. Kd4 Rf5 83. Be4 Rf4 84. c5 Rf2 85. Ke5
1-0

[Event "Olimpiada Calviá 2004"]
[Site "Calviá ESP"]
[Date "2004.10.25"]
[Round "10.9"]
[White "Gelashvili, Tamaz"]
[Black "Acs, Peter"]
[Result "1/2-1/2"]
[WhiteElo "2576"]
[BlackElo "2521"]
[PlyCount "113"]
[EventDate "2004.10.15"]
[EventType "team"]
[EventRounds "14"]
[EventCountry "ESP"]
[Source "lmi"]
[SourceDate "2004.10.27"]

1. c4 Nf6 2. Nf3 c6 3. d4 d5 4. e3 Bg4 5. Nc3 e6 6. h3 Bxf3 7. Qxf3 Bb4 8. Bd3
O-O 9. O-O Nbd7 10. Qd1 c5 11. cxd5 exd5 12. a3 Ba5 13. Bd2 Rc8 14. dxc5 Nxc5
15. Bf5 Ne6 16. Ne2 Bxd2 17. Qxd2 g6 18. Bd3 d4 19. Rfd1 Qb6 20. Nxd4 Nxd4 21.
exd4 Qxd4 22. Be2 Qb6 23. Bf3 Rfd8 24. Qb4 Rxd1+ 25. Bxd1 Qxb4 26. axb4 Rc4 27.
Rxa7 Rxb4 28. b3 Nd7 29. Ra8+ Kg7 30. Rc8 b6 31. Rc3 Nc5 32. Kf1 Rd4 33. Bc2 f5
34. Ke2 Kf6 35. Re3 Ne6 36. g3 f4 37. Rc3 Rb4 38. Kd2 Nc5 39. Rf3 Ke5 40. Kc3
Rd4 41. b4 Ne4+ 42. Bxe4 Rxe4 43. Rxf4 Rxf4 44. gxf4+ Kxf4 45. Kc4 g5 46. Kb5
h5 47. Kxb6 g4 48. h4 Kf3 49. b5 Kxf2 50. Kc5 g3 51. b6 g2 52. b7 g1=Q 53. b8=Q
Kg2+ 54. Kd5 Qd1+ 55. Ke5 Qg4 56. Qd8 Kh3 57. Qg5 1/2-1/2

[Event "Olimpiada Calviá 2004"]
[Site "Calviá ESP"]
[Date "2004.10.25"]
[Round "10.10"]
[White "Filippov, Anton"]
[Black "Stocek, Jiri"]
[Result "0-1"]
[WhiteElo "2475"]
[BlackElo "2569"]
[PlyCount "112"]
[EventDate "2004.10.15"]
[EventType "team"]
[EventRounds "14"]
[EventCountry "ESP"]
[Source "lmi"]
[SourceDate "2004.10.27"]

1. e4 c5 2. Nf3 d6 3. d4 cxd4 4. Nxd4 Nf6 5. Nc3 g6 6. Bc4 Bg7 7. O-O O-O 8.
Re1 Bg4 9. f3 Bd7 10. Be3 Nc6 11. a4 Rc8 12. Ba2 Qa5 13. Rb1 Rfe8 14. Nxc6 Rxc6
15. b4 Qd8 16. Ne2 a6 17. a5 Qb8 18. Qd2 e6 19. Red1 d5 20. e5 Qxe5 21. Bf4 Qf5
22. Nd4 Ne4 23. Nxf5 Nxd2 24. Nxg7 Nxb1 25. Nxe8 Nc3 26. Nf6+ Kg7 27. Nxd7 Nxd1
28. Bb3 f6 29. Nc5 b6 30. Nxa6 bxa5 31. Nb8 Rc8 32. Na6 Nc3 33. b5 a4 34. b6
axb3 35. cxb3 Ne2+ 36. Kf1 Nxf4 37. b7 Rd8 38. b4 Kf7 39. b5 d4 40. b8=Q Rxb8
41. Nxb8 Nd5 42. Ke1 e5 43. Kd2 Ke6 44. Kd3 Kd6 45. Na6 Nc7 46. Nb4 Nxb5 47. g4
Nc7 48. Nc2 Nd5 49. Na3 f5 50. Nc4+ Ke6 51. Kd2 e4 52. fxe4 fxe4 53. Ke2 Nf4+
54. Kf2 e3+ 55. Kf3 e2 56. Kf2 d3 0-1

[Event "Olimpiada Calviá 2004"]
[Site "Calviá ESP"]
[Date "2004.10.25"]
[Round "10.11"]
[White "Dizdarevic, Emir"]
[Black "Zhang, Zhong"]
[Result "1/2-1/2"]
[WhiteElo "2538"]
[BlackElo "2596"]
[PlyCount "208"]
[EventDate "2004.10.15"]
[EventType "team"]
[EventRounds "14"]
[EventCountry "ESP"]
[Source "lmi"]
[SourceDate "2004.10.27"]

1. Nf3 c5 2. c4 Nc6 3. d4 cxd4 4. Nxd4 Qb6 5. e3 Nf6 6. Be2 e6 7. O-O Be7 8.
Nc3 O-O 9. b3 a6 10. Bb2 d6 11. Qd2 Bd7 12. Rfd1 Rfd8 13. Rac1 Qa7 14. a3 Rac8
15. Bf1 Qb6 16. Qc2 Na5 17. Nb1 Qa7 18. Bc3 b6 19. Qb2 Ne4 20. Be1 Qb7 21. Nc3
Nf6 22. Be2 Qb8 23. Qa2 Nc6 24. Nxc6 Bxc6 25. Qb2 Qb7 26. Bf1 Ne8 27. Ne2 b5
28. Ba5 Bf6 29. Nd4 Rd7 30. Qe2 Bxd4 31. exd4 Rb8 32. Qe3 Nf6 33. Qg3 Be4 34.
Re1 h6 35. Bb4 Rbd8 36. Qf4 Bg6 37. Ba5 Rb8 38. h3 bxc4 39. bxc4 Qc6 40. Bb4
Ra8 41. d5 exd5 42. cxd5 Qxd5 43. Red1 Qg5 44. Qxg5 hxg5 45. Rxd6 Rxd6 46. Bxd6
Ne4 47. Bb4 f6 48. Bc4+ Kh7 49. Bd5 Ra7 50. Rc4 f5 51. g4 a5 52. Be1 Nf6 53.
Bf3 a4 54. Bd2 Rd7 55. Be3 f4 56. Bd4 Ne4 57. Rxa4 Nd2 58. Ba8 Nb3 59. Bb6 Rd3
60. Kg2 Nd2 61. Bc5 Nb3 62. Be7 Kh6 63. Ra6 Nd2 64. Bb4 Kh7 65. Rd6 Rxd6 66.
Bxd6 Bc2 67. Bc6 Nc4 68. Be7 Kg6 69. a4 Ne5 70. Be8+ Kh6 71. a5 Be4+ 72. Kf1
Nc6 73. Bxc6 Bxc6 74. Ke1 Bb5 75. Kd2 Bf1 76. f3 Kg6 77. Bd8 Kh6 78. Be7 Kg6
79. Ke1 Ba6 80. Kf2 Bb5 81. Ke1 Ba6 82. Kd2 Bf1 83. Bd8 Kh6 84. Bc7 Kg6 85. Be5
Kh6 86. Bd4 Kg6 87. Bf2 Kh6 88. Ke1 Ba6 89. Bb6 Bb5 90. Kd2 Bf1 91. Bc7 Kg6 92.
Kc3 Bxh3 93. a6 Bg2 94. Kd4 Bxf3 95. a7 Ba8 96. Ke5 Bb7 97. Bb6 Ba8 98. Ke6 Bb7
99. Ke7 Ba8 100. Bd4 Bb7 101. Kf8 f3 102. Ke7 Ba8 103. Ke6 Be4 104. Ke5 Ba8
1/2-1/2

[Event "Olimpiada Calviá 2004"]
[Site "Calviá ESP"]
[Date "2004.10.25"]
[Round "10.13"]
[White "Fridman, Daniel"]
[Black "Agrest, Evgenij"]
[Result "1/2-1/2"]
[WhiteElo "2578"]
[BlackElo "2604"]
[PlyCount "21"]
[EventDate "2004.10.15"]
[EventType "team"]
[EventRounds "14"]
[EventCountry "ESP"]
[Source "lmi"]
[SourceDate "2004.10.27"]

1. d4 Nf6 2. c4 e6 3. Nf3 c5 4. e3 a6 5. Nc3 d5 6. a3 dxc4 7. Bxc4 b5 8. Be2
Bb7 9. O-O Nbd7 10. dxc5 Bxc5 11. b4 1/2-1/2

[Event "Olimpiada Calviá 2004"]
[Site "Calviá ESP"]
[Date "2004.10.25"]
[Round "10.13"]
[White "Miezis, Normunds"]
[Black "Hellsten, Johan"]
[Result "1/2-1/2"]
[WhiteElo "2524"]
[BlackElo "2564"]
[PlyCount "132"]
[EventDate "2004.10.15"]
[EventType "team"]
[EventRounds "14"]
[EventCountry "ESP"]
[Source "lmi"]
[SourceDate "2004.10.27"]

1. c4 e5 2. Nc3 Nc6 3. g3 Nf6 4. Bg2 Bc5 5. a3 a6 6. e3 O-O 7. Nge2 d6 8. O-O
Ba7 9. b4 Rb8 10. d3 Bd7 11. h3 b5 12. Qc2 Ne7 13. Kh2 Be6 14. cxb5 axb5 15. f4
Nf5 16. Nd1 exf4 17. Nxf4 Bd7 18. d4 c6 19. Ne2 Qc8 20. g4 Nh4 21. Ng3 Nxg2 22.
Qxg2 d5 23. Rxf6 gxf6 24. Nh5 Qc7+ 25. Kh1 Qd6 26. Bd2 Rbe8 27. Nb2 Kh8 28. Rf1
f5 29. g5 f4 30. Rxf4 Qg6 31. Nf6 Bf5 32. Nd1 Bb8 33. Rh4 Be4 34. Nxe4 Rxe4 35.
Rh6 Qf5 36. Rxc6 Rh4 37. Nf2 Rg8 38. e4 dxe4 39. Rf6 Qd5 40. Ng4 Qxd4 41. Rc6
Rxh3+ 42. Qxh3 Qxd2 43. Rf6 Rxg5 44. Ne3 Qe2 45. Qc8+ Rg8 46. Qh3 Rg5 47. Qc8+
Rg8 48. Qh3 Qe1+ 49. Rf1 Qg3 50. Qxg3 Rxg3 51. Rxf7 Kg8 52. Rb7 Bf4 53. Nd5 Bg5
54. Rxb5 Rxa3 55. Nc3 Rxc3 56. Rxg5+ Kf7 57. Re5 Rc4 58. b5 Kf6 59. Rh5 e3 60.
Kg2 Re4 61. Kf1 Kg6 62. Rh3 e2+ 63. Ke1 h5 64. Rb3 h4 65. b6 h3 66. Rxh3 Rb4
1/2-1/2

[Event "Olimpiada Calviá 2004"]
[Site "Calviá ESP"]
[Date "2004.10.25"]
[Round "10.14"]
[White "Erdogdu, Mert"]
[Black "Ftacnik, Lubomir"]
[Result "0-1"]
[WhiteElo "2393"]
[BlackElo "2533"]
[PlyCount "58"]
[EventDate "2004.10.15"]
[EventType "team"]
[EventRounds "14"]
[EventCountry "ESP"]
[Source "lmi"]
[SourceDate "2004.10.27"]

1. e4 c5 2. Nf3 d6 3. d4 cxd4 4. Nxd4 Nf6 5. Nc3 a6 6. Be3 e5 7. Nb3 Be6 8. f3
Nbd7 9. g4 Be7 10. Qd2 O-O 11. O-O-O b5 12. g5 b4 13. Ne2 Ne8 14. Ng3 a5 15.
Kb1 Nc7 16. Nf5 d5 17. Qg2 a4 18. Nc1 b3 19. h4 d4 20. Bd2 a3 21. cxb3 axb2 22.
Kxb2 Ba3+ 23. Kb1 Qb8 24. Bd3 Nc5 25. Bc2 d3 26. Nxd3 Nxd3 27. Bc3 Nf4 28. Qd2
Nb5 29. Ba1 Bb4 0-1

[Event "Olimpiada Calviá 2004"]
[Site "Calviá ESP"]
[Date "2004.10.25"]
[Round "10.14"]
[White "Manik, Mikulas"]
[Black "Yilmaz, Turhan"]
[Result "1-0"]
[WhiteElo "2510"]
[BlackElo "2361"]
[PlyCount "83"]
[EventDate "2004.10.15"]
[EventType "team"]
[EventRounds "14"]
[EventCountry "ESP"]
[Source "lmi"]
[SourceDate "2004.10.27"]

1. e4 e5 2. Nf3 Nc6 3. Bb5 a6 4. Ba4 Nf6 5. O-O Be7 6. Re1 b5 7. Bb3 d6 8. c3
O-O 9. d4 Bg4 10. Be3 Na5 11. Bc2 Nc4 12. Bc1 Nd7 13. b3 Ncb6 14. Nbd2 Bf6 15.
h3 Bh5 16. Bb2 Re8 17. d5 Nc5 18. a4 bxa4 19. b4 Nb7 20. Bxa4 Nxa4 21. Qxa4 Ra7
22. Qc6 a5 23. Nc4 Bxf3 24. gxf3 Qe7 25. Nxa5 Nd8 26. Qb5 Bh4 27. Bc1 Bg5 28.
Kf1 Rf8 29. Nc6 Nxc6 30. Bxg5 Qxg5 31. dxc6 Rxa1 32. Rxa1 Qh5 33. Ke2 f5 34.
Qd5+ Kh8 35. Ra7 g5 36. Rxc7 fxe4 37. Qxe4 Rf4 38. Rc8+ Kg7 39. Qd5 Rf7 40. Rb8
Qg6 41. Rb7 Qc2+ 42. Kf1 1-0

[Event "Olimpiada Calviá 2004"]
[Site "Calviá ESP"]
[Date "2004.10.25"]
[Round "10.14"]
[White "Atakisi, Umut"]
[Black "Timoscenko, Gennadij"]
[Result "1/2-1/2"]
[WhiteElo "2304"]
[BlackElo "2504"]
[PlyCount "98"]
[EventDate "2004.10.15"]
[EventType "team"]
[EventRounds "14"]
[EventCountry "ESP"]
[Source "lmi"]
[SourceDate "2004.10.27"]

1. e4 e5 2. Nf3 Nc6 3. Bb5 a6 4. Ba4 Nf6 5. O-O Be7 6. Re1 b5 7. Bb3 d6 8. c3
O-O 9. h3 Na5 10. Bc2 c5 11. d4 Qc7 12. Nbd2 cxd4 13. cxd4 Nc6 14. Nb3 a5 15.
Be3 a4 16. Nbd2 Bd7 17. Rc1 Qb7 18. Nf1 Rfe8 19. Ng3 Bd8 20. Bb1 h6 21. Re2 Bb6
22. dxe5 Nxe5 23. Nxe5 dxe5 24. Bxb6 Qxb6 25. Rd2 Rac8 26. Rxc8 Rxc8 27. Rc2
Rxc2 28. Bxc2 Be6 29. a3 g6 30. Qd2 Qc5 31. Ne2 Bc4 32. Qc3 Qc6 33. Ng3 Nd7 34.
Bd1 Qe6 35. Bg4 Qd6 36. Bxd7 Qxd7 37. Qxe5 h5 38. Qg5 Qd4 39. e5 Kh7 40. e6 h4
41. Nf5 gxf5 42. Qxf5+ Kh6 43. exf7 Qd1+ 44. Kh2 Qd6+ 45. f4 Kg7 46. f8=Q+ Qxf8
47. Qg5+ Kf7 48. Qxh4 Qd6 49. Qh5+ Kg7 1/2-1/2

[Event "Olimpiada Calviá 2004"]
[Site "Calviá ESP"]
[Date "2004.10.25"]
[Round "10.15"]
[White "Hernandez, Gilberto"]
[Black "San Segundo, Carrillo Pablo"]
[Result "1/2-1/2"]
[WhiteElo "2509"]
[BlackElo "2516"]
[PlyCount "101"]
[EventDate "2004.10.15"]
[EventType "team"]
[EventRounds "14"]
[EventCountry "ESP"]
[Source "lmi"]
[SourceDate "2004.10.27"]

1. e4 c5 2. Nf3 Nc6 3. Bb5 g6 4. O-O Bg7 5. c3 Nf6 6. Re1 O-O 7. h3 e5 8. d4
cxd4 9. cxd4 exd4 10. e5 Nd5 11. Bg5 Qb6 12. Na3 Nc7 13. Qb3 a6 14. Bc4 Qxb3
15. Bxb3 b5 16. Nc2 Ne6 17. Bd5 Bb7 18. Be7 Nxe7 19. Bxb7 Rab8 20. Be4 Rfd8 21.
Rad1 d6 22. Ncxd4 Nxd4 23. Nxd4 dxe5 24. Nc6 Nxc6 25. Bxc6 e4 26. Rxd8+ Rxd8
27. Rxe4 Rd1+ 28. Kh2 Bxb2 29. a4 bxa4 30. Rxa4 Be5+ 31. g3 Rd2 32. Kg2 Bd4 33.
Rxa6 Rxf2+ 34. Kh1 h5 35. Ra3 Kg7 36. Rd3 Be5 37. Kg1 Rb2 38. Bd5 f5 39. Be6
Kf6 40. Bd7 Kg5 41. Kh1 Re2 42. Bb5 h4 43. gxh4+ Kxh4 44. Rd4+ Bxd4 45. Bxe2
Kxh3 46. Bd3 Be5 47. Bc2 Kg3 48. Bd3 Kf3 49. Bc2 Ke2 50. Kg2 f4 51. Be4 1/2-1/2

[Event "Olimpiada Calviá 2004"]
[Site "Calviá ESP"]
[Date "2004.10.25"]
[Round "10.15"]
[White "Moreno Carnero, Javier"]
[Black "Gonzalez Zamora, Juan Carlo"]
[Result "1/2-1/2"]
[WhiteElo "2512"]
[BlackElo "2524"]
[PlyCount "141"]
[EventDate "2004.10.15"]
[EventType "team"]
[EventRounds "14"]
[EventCountry "ESP"]
[Source "lmi"]
[SourceDate "2004.10.27"]

1. e4 c5 2. Nf3 d6 3. d4 cxd4 4. Nxd4 Nf6 5. Nc3 Nc6 6. Bg5 e6 7. Qd2 Qb6 8.
Nb3 a6 9. Be2 Qc7 10. f4 Be7 11. O-O-O Bd7 12. Bxf6 gxf6 13. Kb1 h5 14. Bf3
O-O-O 15. Rhe1 Kb8 16. a3 Na5 17. Nxa5 Qxa5 18. Re3 Rc8 19. Rd3 Rc7 20. g3 h4
21. g4 Rhc8 22. h3 Rc4 23. Ne2 Qc7 24. Rc3 Rxc3 25. Nxc3 Bc6 26. Qe1 f5 27. g5
fxe4 28. Bxe4 d5 29. Bd3 Qb6 30. Ka1 Qd4 31. Ne2 Qa4 32. Qd2 Bd6 33. c3 Qa5 34.
Bb1 Bb5 35. Nd4 Bd7 36. Ne2 Bb5 37. Nd4 Ba4 38. Re1 Bd7 39. Ba2 Qc7 40. Rf1 Qb6
41. f5 e5 42. Nc2 d4 43. cxd4 Qb5 44. Rf2 exd4 45. Nxd4 Qb6 46. Bxf7 Bc5 47.
Rf4 Rd8 48. Qc3 Ba4 49. Nb3 Bxb3 50. Qxb3 Qc6 51. Qf3 Qc7 52. Bb3 Rd2 53. Rc4
Qd6 54. Qf4 Ka7 55. Qxd6 Bxd6 56. f6 Rg2 57. Rg4 Rxg4 58. hxg4 Be5 59. Bd5 b5
60. Kb1 Kb6 61. Kc2 Kc5 62. Bb7 a5 63. f7 Bg7 64. Kd3 Kd6 65. b4 axb4 66. axb4
h3 67. Ke4 Ke7 68. Kd5 Kxf7 69. Kc5 Kg6 70. Kxb5 Bf8 71. Kc4 1/2-1/2

[Event "Olimpiada Calviá 2004"]
[Site "Calviá ESP"]
[Date "2004.10.25"]
[Round "10.15"]
[White "Ibarra Jerez, Jose Carlos"]
[Black "Almeida Saenz, Alfonso"]
[Result "1-0"]
[WhiteElo "2423"]
[BlackElo "2388"]
[PlyCount "105"]
[EventDate "2004.10.15"]
[EventType "team"]
[EventRounds "14"]
[EventCountry "ESP"]
[Source "lmi"]
[SourceDate "2004.10.27"]

1. e4 c5 2. Nf3 d6 3. d4 cxd4 4. Nxd4 Nf6 5. Nc3 g6 6. Be3 Bg7 7. f3 Nc6 8. Qd2
Bd7 9. O-O-O h5 10. Bc4 Ne5 11. Bb3 Rc8 12. Kb1 Nc4 13. Bxc4 Rxc4 14. Nde2 b5
15. Bd4 O-O 16. e5 Ne8 17. exd6 Nxd6 18. Bxg7 Kxg7 19. Nd5 Bf5 20. Ne3 Rc8 21.
h3 h4 22. Qd4+ f6 23. Qxh4 Qb6 24. Nd4 Rc5 25. Rhe1 Rf7 26. Ng4 Rc4 27. Ne3 Rc5
28. Nexf5+ Nxf5 29. Nxf5+ Rxf5 30. Qd4 Rc5 31. Qd8 Rc7 32. Rd2 e5 33. Red1 b4
34. Qd6 Rc6 35. Qd5 a5 36. Qb3 Rcc7 37. a4 Qc6 38. Rd6 Qc5 39. R1d2 Rce7 40.
Qd5 Qa7 41. Rd8 Rb7 42. Qc6 b3 43. cxb3 g5 44. Ka2 Qe3 45. Qc3 Qb6 46. R8d6 Qa7
47. R6d5 Rb4 48. Qc5 Qb7 49. R2d3 e4 50. fxe4 Rxe4 51. Qxa5 Qc8 52. Qc3 Rc7 53.
Qxc7+ 1-0

[Event "Olimpiada Calviá 2004"]
[Site "Calviá ESP"]
[Date "2004.10.25"]
[Round "10.16"]
[White "Rahman, Ziaur"]
[Black "Del Rio Angelis, Salvador G"]
[Result "1/2-1/2"]
[WhiteElo "2535"]
[BlackElo "2491"]
[PlyCount "96"]
[EventDate "2004.10.15"]
[EventType "team"]
[EventRounds "14"]
[EventCountry "ESP"]
[Source "lmi"]
[SourceDate "2004.10.27"]

1. Nf3 d5 2. d4 Nf6 3. c4 c6 4. e3 Bf5 5. Nc3 e6 6. Nh4 Bg6 7. Qb3 Qc7 8. Bd2
Nbd7 9. Be2 Nb6 10. cxd5 exd5 11. Nxg6 hxg6 12. h3 Be7 13. O-O-O a5 14. Kb1 a4
15. Qc2 Nc4 16. Bxc4 dxc4 17. a3 b5 18. Na2 c5 19. dxc5 Qxc5 20. Bb4 Qe5 21.
Rd4 Bxb4 22. Nxb4 O-O 23. h4 Rac8 24. g4 Rfe8 25. Rhd1 Ne4 26. f3 Nc5 27. e4
Qg3 28. Qc3 Qxh4 29. Qe3 Qh3 30. e5 Nb3 31. Rd5 c3 32. bxc3 Na5 33. Nc2 Nc4 34.
Qe2 Qg3 35. Re1 Qf4 36. Ka2 Rcd8 37. Rxd8 Rxd8 38. Nd4 Re8 39. e6 fxe6 40. Nxb5
e5 41. Qd3 Qf7 42. Ka1 Rb8 43. Rb1 Na5 44. Rb4 Nb3+ 45. Kb2 Nc5 46. Qd6 Rc8 47.
Qd1 Qe6 48. Kb1 Rf8 1/2-1/2

[Event "Olimpiada Calviá 2004"]
[Site "Calviá ESP"]
[Date "2004.10.25"]
[Round "10.16"]
[White "Mascaro March, Pedro"]
[Black "Reefat, Bin-Sattar"]
[Result "1/2-1/2"]
[WhiteElo "2323"]
[BlackElo "2462"]
[PlyCount "27"]
[EventDate "2004.10.15"]
[EventType "team"]
[EventRounds "14"]
[EventCountry "ESP"]
[Source "lmi"]
[SourceDate "2004.10.27"]

1. d4 d5 2. c4 c6 3. Nc3 Nf6 4. e3 a6 5. Nf3 b5 6. b3 Bf5 7. Bd3 e6 8. O-O Bd6
9. Re1 Bg6 10. Bb2 Nbd7 11. Qc2 O-O 12. Bxg6 hxg6 13. Ne2 Qb8 14. a4 1/2-1/2

[Event "Olimpiada Calviá 2004"]
[Site "Calviá ESP"]
[Date "2004.10.25"]
[Round "10.16"]
[White "Abdulla, Al-Rakib"]
[Black "Galiana, Juan Ramon"]
[Result "1-0"]
[WhiteElo "2474"]
[BlackElo "2257"]
[PlyCount "111"]
[EventDate "2004.10.15"]
[EventType "team"]
[EventRounds "14"]
[EventCountry "ESP"]
[Source "lmi"]
[SourceDate "2004.10.27"]

1. d4 f5 2. g3 g6 3. Bg2 Bg7 4. Nf3 c6 5. c4 Nh6 6. Nc3 Nf7 7. O-O O-O 8. e4 d6
9. exf5 gxf5 10. Ng5 e5 11. Nxf7 Kxf7 12. dxe5 dxe5 13. Qh5+ Kg8 14. Bg5 Qe8
15. Qh4 Be6 16. Rad1 Nd7 17. Rfe1 e4 18. f3 exf3 19. Bxf3 Ne5 20. Bg2 Qf7 21.
c5 Rfe8 22. Rf1 Bc4 23. Rf2 Ng4 24. Rfd2 h6 25. Bf4 Bf6 26. Qh3 Qe7 27. Ne4
fxe4 28. Qxg4+ Qg7 29. Qh5 Bg5 30. Rd7 Bf7 31. Qe2 Qf6 32. Bd6 Bg6 33. Rxb7 Qe6
34. h4 Bf6 35. Bf4 Qf5 36. Qe3 Rad8 37. Bd6 Bg7 38. Rxa7 Bh5 39. Rd2 Bf3 40.
Kh2 Qh5 41. Bf4 Bxg2 42. Rxg2 Rd3 43. Qc1 e3 44. Qc4+ Rd5 45. Re2 Qf3 46. Ra3
Bd4 47. Qc2 Re4 48. b4 Kg7 49. Ra7+ Kf6 50. Ra6 Re6 51. Bxh6 Be5 52. Bg5+ Kg7
53. Ra7+ Kf8 54. Ra8+ Re8 55. Bh6+ Ke7 56. Qh7+ 1-0